| Tag |
First Indicator |
Second Indicator |
Subfields |
| LEADER |
00000cgm a2200000 a 4500 |
| 001 |
in00002530786 |
| 005 |
20211202184725.0 |
| 006 |
m g c f |
| 007 |
cr mna|||||||| |
| 007 |
vz czazz| |
| 008 |
091007s200u mdu001 g fs vleng c |
| 035 |
|
|
|a (OCoLC)ocn451067666
|
| 040 |
|
|
|a GPO
|c GPO
|d GPO
|d MvI
|d UtOrBLW
|
| 042 |
|
|
|a pcc
|
| 049 |
|
|
|a WWW
|
| 074 |
|
|
|a 0507-A-74 (online)
|
| 086 |
0 |
|
|a HE 20.3076:C 19/3
|
| 245 |
0 |
0 |
|a Caring for someone with Alzheimer's.
|p Agitation in someone with Alzheimer's.
|
| 246 |
3 |
0 |
|a Agitation in someone with Alzheimer's
|
| 264 |
|
1 |
|a [Bethesda, Md.] :
|b National Institutes of Health,
|c [between 2000 and 2009?]
|
| 336 |
|
|
|a two-dimensional moving image
|b tdi
|2 rdacontent
|
| 337 |
|
|
|a computer
|b c
|2 rdamedia
|
| 338 |
|
|
|a online resource
|b cr
|2 rdacarrier
|
| 500 |
|
|
|a Available as both streaming video (55 sec., WMV file, sd., col.) and downloadable video (55 sec., WMV file, sd., col.) files.
|
| 538 |
|
|
|a Mode of access: Internet via the NIH SeniorHealth web site. Addresses as of 10/06/09: http://nihseniorhealth.gov/alzheimerscare/faq/video/b11c.html and http://nihseniorhealth.gov/alzheimerscare/faq/video/b11c%5Fmp300.html ; current access available via PURL.
|
| 538 |
|
|
|a System requirements: Internet browser; multimedia software player capable of playing Windows Media Video files.
|
| 500 |
|
|
|a Title from NIH SeniorHealth Videos table of contents page (viewed Oct. 6, 2009).
|
| 500 |
|
|
|a Accompanied by transcript in HTML format.
|
| 520 |
|
|
|a Comments by Cynthia D. Steele, RN, MPH, Johns Hopkins University Alzheimer's Disease Center, on understanding manifestations of Alzheimer's disease patients' stress, and recommendations for addressing them.
|
| 500 |
|
|
|a Electronic resource.
|
| 650 |
|
0 |
|a Alzheimer's disease
|x Psychological aspects
|v Popular works.
|
| 650 |
|
0 |
|a Agitation (Psychology)
|v Popular works.
|
| 650 |
|
0 |
|a Alzheimer's disease
|x Patients
|x Care
|v Popular works.
|
| 655 |
|
7 |
|a Documentary films.
|2 lcgft
|
| 655 |
|
0 |
|a Streaming videos.
|
| 700 |
1 |
|
|a Steele, Cynthia,
|d 1947-
|
| 710 |
2 |
|
|a National Institutes of Health (U.S.)
|
| 856 |
4 |
0 |
|u https://purl.fdlp.gov/GPO/FDLP1250
|t 0
|
| 999 |
|
|
|a MARS
|
| 999 |
f |
f |
|s 5315b216-464b-34bc-81a5-3ac0e8c36b94
|i 2a1bcc75-35f5-3fe1-a668-4a336aee805f
|t 0
|
| 952 |
f |
f |
|a Texas A&M University
|b College Station
|c Electronic Resources
|d Available Online
|t 0
|e HE 20.3076:C 19/3
|h Superintendent of Documents classification
|
| 998 |
f |
f |
|a HE 20.3076:C 19/3
|t 0
|l Available Online
|